[Event "FRA-ch Youth U20 2018"]
[Site "Agen"]
[Date "2018.04.16"]
[Round "2"]
[White "Meunier, Clement"]
[Black "Afraoui, Anaelle"]
[Result "1-0"]
[WhiteElo "2370"]
[BlackElo "2073"]
[Annotator "TA"]
[PlyCount "105"]
[EventDate "2018.??.??"]
[EventType "swiss"]
[EventCountry "FRA"]
[SourceTitle "playchess.com"]
[Source "ChessBase"]
[SourceQuality "1"]

{[%evp 12,105,33,21,46,50,34,26,137,76,67,69,149,164,151,77,95,95,102,99,104,101,130,137,152,149,214,181,175,129,162,118,156,149,151,171,189,147,180,140,153,145,138,132,138,131,159,147,140,144,170,168,144,156,258,181,200,100,121,90,96,72,74,21,64,8,58,61,65,58,77,10,29,28,57,18,20,21,58,60,112,114,772,731,731,688,1179,976,12844,12844,12845,5832,2446,1829,12846,12847]} 1. d4 Nf6 2. Nc3 c5 3. Bg5 cxd4 4. Qxd4 Nc6 5. Qh4 e6 6. O-O-O Be7 7. e4 {LiveBook: 35 Games} Qc7 {A45: Trompowsky Attack} (7... a6 8. Nf3 Qc7 9. Bd3 d6 10. Rhe1 Bd7 11. e5 dxe5 12. Ne4 Nd5 13. Bxe7 Ncxe7 14. Ng3 f6 15. Nh5 {0-1 (39) Rapport,R (2702)-Adhiban,B (2653) Wijk aan Zee 2017}) 8. f4 d6 $1 9. Nb5 Qb6 $146 (9... Qb8 $11) ({Predecessor:} 9... Qb8 10. Nxd6+ Bxd6 11. e5 Nd5 12. exd6 Qxd6 13. f5 Qc5 {0-1 (36) Poseck,S (2066)-Stoeckmann,H (2172) Berlin 2005}) 10. Qe1 (10. Nxd6+ $142 Bxd6 11. Bxf6 Qe3+ 12. Kb1 Qxf4 13. Qxf4 Bxf4 14. Bxg7) 10... O-O $16 11. Nxd6 Ng4 (11... Nb4 $14) 12. Bxe7 Nxe7 13. Nc4 (13. Be2 $142 Ne3 14. Rd3 (14. Nc4 Nxc4 15. Bxc4 Qc7 $14)) 13... Qc5 14. h3 Nf6 ({Don't blunder} 14... Nf2 $2 15. b4 $18) 15. Nf3 Bd7 16. Bd3 Ng6 17. g3 a5 18. Qg1 Qc6 (18... Qxg1 $16 {keeps fighting.} 19. Rhxg1 Bc6) 19. Nfe5 Nxe5 20. Nxe5 Qa4 21. Kb1 Rac8 22. Qb6 Bc6 23. Rhe1 h6 24. Nxc6 bxc6 25. Qc5 {aiming for e5.} Qb4 26. Qxb4 axb4 27. e5 Nd5 28. Be4 Ra8 29. Rd4 Rfb8 30. Bxd5 cxd5 {[%mdl 4096] Endgame KRR-KRR} 31. Re3 Ra5 32. Rb3 Rab5 (32... Rba8 $16 {was worth a try.}) 33. Rdd3 Kh7 34. Kc1 ({White should try} 34. c3 $1 $18) 34... Kg6 35. g4 h5 36. Rg3 hxg4 37. hxg4 (37. Kd2 $16) 37... Rc5 38. a3 (38. c3 $14) 38... Rbc8 39. Rg2 ({Much weaker is} 39. axb4 $6 Rxc2+ 40. Kd1 Rc1+ 41. Kd2 R8c2+ 42. Kd3 Rf2 $11) 39... bxa3 40. Rxa3 Rc4 {[#]} 41. Rf3 (41. Rf2 $1 $16) 41... Ra8 42. b3 Re4 43. Kb2 Re1 44. Kc3 Re4 45. Rf1 Rb8 (45... Rh8 $14) 46. Rh2 Rbb4 $2 {[%mdl 8192] [#]} (46... Re8 $16 47. Kd3 Rb4) 47. f5+ $1 $18 {White is clearly winning.} Kg5 48. Rh7 Rxg4 49. Rxg7+ Kh4 50. Rh1+ Kg3 51. Rg1+ (51. Rxg4+ $142 Rxg4 52. fxe6 fxe6 53. Rg1+ Kf4 54. Rxg4+ Kxe5 55. b4) 51... Kf3 52. R7xg4 Rxg4 53. Rxg4 {Precision: White = 52%, Black = 26%.} 1-0

[Event "FRA-ch Youth U20 2018"]
[Site "Agen"]
[Date "2018.04.16"]
[Round "2"]
[White "Haussernot, Cecile"]
[Black "Fretel, Liza"]
[Result "1-0"]
[WhiteElo "2165"]
[BlackElo "1849"]
[Annotator "TA"]
[PlyCount "71"]
[EventDate "2018.??.??"]
[EventType "swiss"]
[EventCountry "FRA"]
[SourceTitle "playchess.com"]
[Source "ChessBase"]
[SourceQuality "1"]

{[%evp 18,71,58,45,80,49,100,88,110,93,139,125,131,62,71,74,105,103,90,101,188,142,156,150,220,207,371,364,370,396,388,353,370,320,285,160,231,117,141,87,1085,1032,2343,2325,2488,993,1672,654,29983,29982,29977,29979,29978,29979,29989,29990]} 1. e4 c5 2. Nf3 Nc6 3. Nc3 e6 4. d4 cxd4 5. Nxd4 a6 6. Nxc6 bxc6 7. Bd3 d5 8. O-O Qc7 9. Qe2 Nf6 10. Bg5 {LiveBook: 38 Games. B46: Sicilian: Taimanov: 5 Nc3 a6} d4 (10... Bb7 11. f4 h6 12. Bh4 Be7 13. Bg3 O-O 14. e5 Ne8 15. f5 exf5 16. Bxf5 Qb6+ 17. Kh1 g6 {1-0 (34) Wei,Y (2740)-Ivanchuk,V (2732) Hoogeveen 2017}) 11. Nd1 {[%cal Bc3d1,Bd1f2,Bf2d3][%mdl 32]} Qa5 $146 (11... Bd6 $14) ({Find the theoretical novelty and annotate with similar games:} 11... Bd6 12. f4 h6 13. Bxf6 gxf6 14. Qg4 Kf8 15. Qh4 Be7 16. Qh5 c5 17. b3 a5 {1-0 (62) Bejaoui,A (2172)-Wolter,K (2270) Germany 2003}) 12. f4 {White is better.} Nd7 13. b3 h6 14. Bh4 Ba3 15. f5 (15. e5 $16) 15... Ne5 $14 16. Nf2 Be7 17. Bxe7 Kxe7 18. Qh5 Kd6 (18... Kf8 $16) 19. Rad1 Ra7 20. Bc4 c5 (20... Kc7 $16 {was called for.} 21. Qh4 (21. Rxd4 Kb8 $16) 21... Kb8) 21. Nd3 $18 Nxc4 $2 (21... Nxd3 22. Rxd3 (22. cxd3 Qd8 $16) 22... Qd8) 22. bxc4 e5 23. f6 g5 24. h4 Rg8 25. Qxh6 Bg4 26. Rde1 ({White should try} 26. Rb1 $18) 26... gxh4 {[#]} (26... Be6 $16 {is a better defense.}) 27. Qxh4 (27. Qh7 $1 $18 {[%cal Rh7g8]} Re8 28. Qxh4) 27... Raa8 28. Rb1 ({Better is} 28. Rf2) 28... Be2 $2 {[%mdl 8192] [#]} (28... Qd2 $16) 29. Nxe5 $1 {[%mdl 512]} Rxg2+ (29... Kxe5 30. Qf4+) 30. Kxg2 Bxf1+ 31. Rxf1 (31. Kxf1 $142 Qc7 32. Qh5) 31... Rg8+ 32. Ng4 {Threatens to win with Qg3+.} Qxa2 33. Qg3+ {White mates.} Ke6 34. Qe5+ Kd7 35. Qd5+ Kc7 36. Qxf7+ {Precision: White = 59%, Black = 15%.} 1-0

[Event "FRA-ch Youth U20 2018"]
[Site "Agen"]
[Date "2018.04.16"]
[Round "2"]
[White "Laronche, Thomas"]
[Black "Philippe, Guillaume"]
[Result "1/2-1/2"]
[WhiteElo "2137"]
[BlackElo "2372"]
[Annotator "TA"]
[PlyCount "93"]
[EventDate "2018.??.??"]
[EventType "swiss"]
[EventCountry "FRA"]
[SourceTitle "playchess.com"]
[Source "ChessBase"]
[SourceQuality "1"]

{[%evp 17,93,-8,-6,-15,3,-2,0,0,0,0,0,0,-2,11,38,0,0,0,0,-64,-70,-68,-37,-52,-27,-37,-25,-32,22,-68,-82,-69,67,27,96,18,24,33,21,13,112,109,93,116,152,159,218,202,230,50,30,30,35,35,56,52,51,50,27,47,61,57,41,-12,-12,-12,-12,-12,-12,-12,-8,-8,-8,-9,-10,-12,-8,-12]} 1. Nf3 Nf6 2. g3 b5 3. Bg2 Bb7 4. O-O e6 5. d3 Be7 6. c4 a6 7. b3 O-O 8. Bb2 c5 9. Nbd2 Qb6 {LiveBook: 8 Games. A13: English Opening: 1...e6} (9... Nc6 10. e3 Qb6 11. a3 bxc4 12. Nxc4 Qa7 13. e4 d5 14. exd5 Nxd5 15. Rc1 Rfd8 16. Qe2 Bf6 17. Nce5 {½-½ (51) Esen,B (2528)-Heberla,B (2577) Kocaeli 2017}) 10. Rc1 d5 11. Ne5 $146 ({Predecessor:} 11. Qc2 Nc6 12. Rfe1 d4 13. a3 Rfd8 14. Rb1 Rac8 15. Rec1 h6 16. Qd1 Re8 17. Ne1 {0-1 (56) Glienke,M (2385)-Rabiega,R (2475) Berlin 1999}) 11... Nc6 12. Nxc6 Bxc6 13. e3 Rad8 14. Qe2 bxc4 15. dxc4 d4 16. exd4 {d5! is the strong threat.} Bxg2 17. Kxg2 cxd4 18. Qd3 (18. Rcd1 $11) 18... e5 $15 19. Rfe1 Qc6+ 20. Qf3 Qc7 21. c5 Nd5 22. Nc4 Bg5 (22... f6 $15) 23. Rxe5 (23. Rcd1 $11 f6 24. h4) 23... Bxc1 24. Bxc1 Ne7 (24... Qc6 $15) 25. Nd6 {[%mdl 1024] White has compensation.} (25. c6 $5) 25... Nc6 (25... Ng6 $11 26. Rd5 Ne7) 26. Rg5 ({Better is} 26. Rh5 $16) 26... f6 $11 27. Qd5+ Kh8 28. Rh5 Ne5 (28... Ne7 $11 29. Qe4 (29. Qxd4 g6 $11) 29... g6) 29. Bf4 $16 Nd3 {[#] And now ...g6 would win.} 30. Qxd4 Nxf4+ 31. Qxf4 g5 (31... Rd7 $16 32. Qa4 Qa7) 32. Qf5 $18 Qd7 {intending ...Qxf5.} 33. Qxd7 $2 (33. Qf3 $18) 33... Rxd7 {[%mdl 4096] Endgame KRR-KRN} 34. h4 Rc7 35. b4 a5 36. a3 ({Don't play} 36. bxa5 Rxc5 37. a6 Ra5 $17) 36... axb4 37. axb4 Rb8 38. hxg5 fxg5 39. Rxg5 {[#] Hoping for b5.} Rxb4 40. c6 (40. Re5 $14) 40... Rb6 $11 {The position is equal.} 41. Rc5 Rcxc6 ({Much less strong is} 41... Rbxc6 42. Rxc6 Rxc6 43. Ne4 $17) 42. Rxc6 Rxc6 {KR-KN} 43. Nf5 Rc2 44. g4 Kg8 45. Kg3 Kf7 46. f3 Ra2 47. Kf4 {Precision: White = 46%, Black = 40%.} 1/2-1/2

[Event "FRA-ch Youth U20 2018"]
[Site "Agen"]
[Date "2018.04.16"]
[Round "2"]
[White "Roque, Gaetan"]
[Black "Pigeat, Alexandre"]
[Result "0-1"]
[WhiteElo "2101"]
[BlackElo "2275"]
[Annotator "TA"]
[PlyCount "82"]
[EventDate "2018.??.??"]
[EventType "swiss"]
[EventCountry "FRA"]
[SourceTitle "playchess.com"]
[Source "ChessBase"]
[SourceQuality "1"]

{[%evp 9,82,-9,-9,-8,-5,-8,8,-6,-17,-27,-16,-14,-13,-30,-4,-11,32,4,46,6,8,8,57,53,50,59,108,39,53,47,43,28,80,61,92,8,4,4,4,4,5,5,5,0,0,-50,-12,-33,-22,-56,0,-52,0,-141,-128,-231,-121,-147,-145,-134,-118,-211,-218,-221,-168,-241,-234,-233,-235,-224,-200,-366,-383,-363,-347]} 1. d4 d5 2. Bf4 Nf6 3. e3 c5 4. Nf3 Nc6 5. a3 (5. c3 e6 6. Nbd2 Bd6 7. dxc5 Bxc5 8. Bd3 h6 9. Qe2 Nh5 10. Bg3 Nxg3 11. hxg3 Bd7 12. e4 dxe4 13. Nxe4 Be7 14. g4 Qc7 15. g5 O-O-O 16. gxh6 gxh6 {½-½ (101) Mamedyarov,S (2809)-Nakamura,H (2787) Moscow 2018}) 5... Bg4 6. c3 {D02: 1 d4 d5 2 Nf3 sidelines, including 2...Nf6 3 g3 and 2...Nf6 3 Bf4} e6 7. Nbd2 Bd6 $146 ({Predecessor:} 7... Qb6 8. b4 cxd4 9. cxd4 Be7 10. Bd3 O-O 11. h3 Bh5 12. O-O Bg6 {½-½ (37) Calvo Alfonso,V (2185)-Barbera Estelles,R (2198) Burguillos 2008}) 8. Bxd6 {The position is equal.} Qxd6 9. b4 cxd4 10. cxd4 O-O 11. Be2 Nd7 12. O-O f5 13. Nb3 b6 14. g3 Nf6 15. b5 Ne7 16. Ne5 Bh3 17. Re1 g5 18. Nd2 ({Better is} 18. Nc1 $1 $16) 18... h6 19. f4 Rac8 20. Qb3 Bg4 (20... Rc7 $11) 21. Bxg4 fxg4 22. Qd3 (22. fxg5 $16 hxg5 23. Rac1) 22... gxf4 $11 23. exf4 Kg7 24. Rac1 h5 {[%cal Bh6h5,Bh5h4][%mdl 32]} 25. Kg2 Nf5 26. Nc6 Rc7 27. Re2 Re8 28. Rce1 h4 {Threatens to win with ...Nh5.} 29. Re5 Kf7 (29... h3+ $15 30. Kh1 Rxc6 31. bxc6 Qxc6) 30. a4 (30. Nf1 $11) 30... Qf8 (30... Rxc6 $15 31. bxc6 Qxc6) 31. Qe2 (31. Nf1 $11 {remains equal.}) 31... hxg3 $1 $17 32. hxg3 {[%cal Re5e6]} Qa3 (32... Qh6 $19 33. Rg1 Nd7) 33. Nf1 {[%cal Re5e6] [#]} Rxc6 $1 34. bxc6 {[%cal Re5e6]} Nxd4 35. Re3 (35. Qe3 $17 Qa2+ 36. Qd2 (36. Nd2 Nc2 $17) 36... Qxa4 37. Qc3 Nxc6 38. Rg5) 35... Qxa4 $19 36. Qd3 Nc2 $36 {[%mdl 2048] aiming for ...d4. Keeping White busy.} ({Much less strong is} 36... Nxc6 37. Rc1 $17) 37. Rc1 (37. R1e2 $142 Nxe3+ 38. Nxe3) 37... Nxe3+ 38. Nxe3 {[#]} Kg7 $1 39. c7 Rc8 40. Qe2 $2 (40. Kf2 {was called for.}) 40... Qe4+ 41. Kf2 d4 {Precision: White = 36%, Black = 53%.} 0-1

[Event "FRA-ch Youth U20 2018"]
[Site "Agen"]
[Date "2018.04.16"]
[Round "2"]
[White "Retailleau, Elise"]
[Black "Pigeat, Alexandre"]
[Result "*"]
[WhiteElo "1932"]
[BlackElo "2275"]
[Annotator "TA"]
[PlyCount "27"]
[EventDate "2018.??.??"]
[EventType "swiss"]
[EventCountry "FRA"]
[SourceTitle "playchess.com"]
[Source "ChessBase"]
[SourceQuality "1"]

{[%evp 10,11,48,54]} 1. e4 c5 2. Nc3 a6 3. Nf3 b5 4. d4 cxd4 5. Nxd4 Bb7 6. Bd3 {LiveBook: 130 Games} {Find the theoretical novelty and annotate with similar games:} d6 $146 7. Bg5 g6 8. Nd5 Bg7 9. c3 h6 10. Bh4 g5 11. Bg3 e6 12. Nb4 Nf6 13. Qe2 Qb6 14. h4 {½-½ (33) Antipov,M (2586)-Iturrizaga Bonelli,E (2671) Dubai 2017} *

[Event "FRA-ch Youth U20 2018"]
[Site "Agen"]
[Date "2018.04.16"]
[Round "2"]
[White "Retailleau, Elise"]
[Black "Bartels, Karina"]
[Result "1-0"]
[WhiteElo "1932"]
[BlackElo "1702"]
[Annotator "NA RC"]
[PlyCount "61"]
[EventDate "2018.??.??"]
[EventType "swiss"]
[EventCountry "FRA"]
[SourceTitle "playchess.com"]
[Source "ChessBase"]
[SourceQuality "1"]
[TimeControl "5400+30"]

1. e4 {[%emt 0:00:37]} c5 {[%emt 0:00:04]} 2. Nc3 {[%emt 0:01:08]} a6 {[%emt 0:00:48]} 3. Nf3 {[%emt 0:01:20]} b5 {[%emt 0:00:17]} 4. d4 {[%emt 0:03:42]} cxd4 {[%emt 0:07:01]} 5. Nxd4 {[%emt 0:01:30]} Bb7 {[%emt 0:01:05]} 6. Bd3 {[%emt 0:03:43] LiveBook: 130 Games} e6 {[%emt 0:12:21]} ({Find the theoretical novelty and annotate with similar games:} 6... d6 $146 7. Bg5 g6 8. Nd5 Bg7 9. c3 h6 10. Bh4 g5 11. Bg3 e6 12. Nb4 Nf6 13. Qe2 Qb6 14. h4 {½-½ (33) Antipov,M (2586)-Iturrizaga Bonelli,E (2671) Dubai 2017}) 7. O-O {[%emt 0:02:34]} Nf6 {[%emt 0:01:17]} 8. e5 {[%emt 0:06:13]} b4 {[%emt 0:09:33]} 9. exf6 {[%emt 0:10:20]} bxc3 {[%emt 0:00:54]} 10. fxg7 {[%emt 0:00:47]} Bxg7 {[%emt 0:08:16]} 11. bxc3 {[%emt 0:03:30]} Qh4 {[%emt 0:16:04]} 12. Rb1 {[%emt 0:08:16]} Bd5 {[%emt 0:07:04]} 13. Re1 {[%emt 0:07:32]} Bxd4 {[%emt 0:09:30]} 14. cxd4 {[%emt 0:01:40]} Rg8 {[%emt 0:01:00]} 15. Bf1 {[%emt 0:01:19]} Bxg2 {[%emt 0:01:24]} 16. Bxg2 {[%emt 0:05:02]} Qh3 {[%emt 0:00:44]} 17. Rxe6+ {[%emt 0:01:33]} fxe6 {[%emt 0:04:33]} 18. Qf1 {[%emt 0:01:52]} Nc6 {[%emt 0:01:17]} 19. Kh1 {[%emt 0:00:52]} Qg4 {[%emt 0:00:28]} 20. d5 {[%emt 0:01:09]} Rb8 {[%emt 0:04:52]} 21. Rxb8+ {[%emt 0:08:17]} Nxb8 {[%emt 0:00:01]} 22. h3 {[%emt 0:02:37]} Qg6 {[%emt 0:03:27]} 23. Bf4 {[%emt 0:03:29]} Kf7 {[%emt 0:00:29]} 24. c4 {[%emt 0:01:07]} Qf5 {[%emt 0:01:58]} 25. Bg3 {[%emt 0:03:04]} Re8 {[%emt 0:02:52]} 26. Qe2 {[%emt 0:01:44]} e5 {[%emt 0:01:03]} 27. Kh2 {[%emt 0:02:02]} Kg7 {[%emt 0:00:52]} 28. Be4 {[%emt 0:02:26]} Qg5 {[%emt 0:00:36]} 29. h4 {[%emt 0:00:41]} Qe7 {[%emt 0:01:46]} 30. Qh5 {[%emt 0:01:37]} Kh8 {[%emt 0:01:28]} 31. d6 {[%emt 0:00:39]} 1-0

[Event "FRA-ch Youth U20 2018"]
[Site "Agen"]
[Date "2018.04.16"]
[Round "2"]
[White "Aouachria, Marwa"]
[Black "Aubert, Laurane"]
[Result "0-1"]
[WhiteElo "1687"]
[BlackElo "1952"]
[Annotator "NA RC"]
[PlyCount "126"]
[EventDate "2018.??.??"]
[EventType "swiss"]
[EventCountry "FRA"]
[SourceTitle "playchess.com"]
[Source "ChessBase"]
[SourceQuality "1"]
[TimeControl "5400+30"]

{[%evp 12,110,18,18,32767,32767,32767,12,33,-18,29,15,25,25,25,31,27,32767,32767,32767,32767,32767,32767,15,18,10,25,23,27,21,80,32767,32767,20,76,79,32767,83,32767,73,32767,32767,73,0,92,94,32767,80,32767,100,156,164,159,22,152,84,220,233,206,242,235,32767,32767,32767,111,56,62,56,35,14,25,8,100,102,117,6,15,0,0,0,0,-51,-32,-47,0,0,0,0,0,0,27,0,0,-25,-12,-191,-26,-53,-24,-174,16]} 1. e4 {[%emt 0:00:00]} c5 {[%emt 0:00:04]} 2. Nf3 {[%emt 0:00:00]} e6 {[%emt 0:00:06]} 3. d4 {[%emt 0:00:00]} cxd4 {[%emt 0:00:04]} 4. Nxd4 {[%emt 0:00:00]} Nf6 {[%emt 0:00:05]} 5. Nc3 {[%emt 0:07:17]} Nc6 {[%emt 0:00:08]} 6. Ndb5 {[%emt 0:04:18]} Bb4 {[%emt 0:00:58]} 7. a3 {[%emt 0:03:05]} Bxc3+ {[%emt 0:00:16]} 8. Nxc3 {[%emt 0:00:04]} d5 {[%emt 0:02:35]} 9. exd5 {[%emt 0:01:41]} exd5 {[%emt 0:02:57]} 10. Bg5 {[%emt 0:04:10]} d4 {[%emt 0:07:23]} ({Better is} 10... O-O 11. Be2 Bf5) 11. Qe2+ {[%emt 0:04:25]} Be6 {[%emt 0:03:33]} 12. Ne4 {[%emt 0:08:21] B45: Sicilian Four Knights} Qa5+ {[%emt 0:01:54] LiveBook: 3 Games} 13. Bd2 {[%emt 0:00:10]} Qe5 {[%emt 0:02:15]} 14. Ng5 {[%emt 0:07:00]} (14. Nxf6+ Qxf6 15. Qe4 Qe5 16. Bd3 Bd5 17. Qxe5+ Nxe5 18. O-O Nxd3 19. cxd3 Kd7 {½-½ (31) Ashwin,J (2436)-Kogan,A (2569) Helsingor 2008}) 14... Bd5 {[%emt 0:06:46]} 15. Qxe5+ {[%emt 0:05:06]} Nxe5 {[%emt 0:00:06]} 16. Bb5+ {[%emt 0:01:45]} Nc6 {[%emt 0:05:08]} 17. O-O $146 {[%emt 0:05:45]} ({Predecessor:} 17. O-O-O O-O-O 18. Bxc6 bxc6 19. Ba5 Rd7 20. Rxd4 {1-0 (41) Sott,P (2211)-Spurny,O (2055) Tatranske Zruby 2009}) 17... O-O {[%emt 0:01:02]} 18. Rfe1 {[%emt 0:08:43]} a6 {[%emt 0:06:33]} 19. Bd3 {[%emt 0:03:49]} Rfe8 {[%emt 0:03:10]} 20. c4 {[%emt 0:05:04]} Be6 {[%emt 0:13:36]} 21. b4 {[%emt 0:12:07]} h6 {[%emt 0:04:57]} 22. Ne4 {[%emt 0:08:27]} (22. Nxe6 $16 Rxe6 23. Rxe6 fxe6 24. Re1) 22... Nxe4 {[%emt 0:08:09]} (22... Ne5 $11 {remains equal.} 23. Nxf6+ gxf6) 23. Rxe4 {[%emt 0:00:10]} Red8 {[%emt 0:02:03]} 24. Re2 {[%emt 0:01:27]} Rac8 {[%emt 0:02:46]} 25. Rc1 {[%emt 0:04:49]} Ne7 $1 $11 {[%emt 0:03:36] keeps the balance.} 26. Re5 {[%emt 0:00:38]} Nc6 {[%emt 0:03:03]} 27. Re2 {[%emt 0:00:13]} ({Better is} 27. Ree1 $16) 27... Nb8 {[%emt 0:01:59]} 28. f4 {[%emt 0:01:04]} Bg4 {[%emt 0:09:59]} 29. Ree1 {[%emt 0:02:13]} Bd7 {[%emt 0:04:50]} 30. f5 {[%emt 0:00:46]} f6 {[%emt 0:00:54]} (30... Ba4 $142) 31. b5 {[%emt 0:00:45]} Be8 {[%emt 0:02:00]} 32. Re7 {[%emt 0:00:59]} ({Better is} 32. Ba5 $16) 32... Nd7 {[%emt 0:00:47]} (32... axb5 $14 33. cxb5 Rxc1+ 34. Bxc1 Nd7) 33. bxa6 {[%emt 0:00:26]} Nc5 {[%emt 0:02:15]} (33... bxa6 $16 34. Ba5 Kf8 35. Bxd8 Rxd8) 34. axb7 {[%emt 0:00:46]} Rb8 {[%emt 0:00:28]} 35. Be2 {[%emt 0:01:20]} ({Much less strong is} 35. Ba5 $6 Rd7 $16) 35... Rxb7 {[%emt 0:00:50]} 36. Rxb7 {[%emt 0:00:14]} Nxb7 {[%emt 0:00:03]} 37. Bf3 {[%emt 0:00:13]} Nc5 {[%emt 0:00:25]} 38. Bd5+ {[%emt 0:01:03]} (38. Bb4 $16 Nd3 39. Rd1) 38... Bf7 $1 {[%emt 0:00:13]} 39. Bxf7+ {[%emt 0:00:24]} Kxf7 {[%emt 0:00:05]} 40. Re1 {[%emt 0:00:35]} Rc8 {[%emt 0:00:29]} 41. Bb4 {[%emt 0:00:36]} Rc7 {[%emt 0:01:24]} (41... Nd3 $1 $11 42. Re7+ Kg8) 42. Rd1 {[%emt 0:00:12]} Nb3 {[%emt 0:01:00]} 43. Rd3 {[%emt 0:00:43]} (43. c5 $16) 43... Nc1 {[%emt 0:00:10]} 44. Rd1 {[%emt 0:00:11]} Rxc4 {[%emt 0:00:21]} 45. Kf1 {[%emt 0:00:53]} Na2 {[%emt 0:00:50]} 46. Bd6 {[%emt 0:00:28]} Nc3 {[%emt 0:00:35]} 47. Rd3 $1 {[%emt 0:00:29]} Ne4 {[%emt 0:00:27]} 48. Bb4 {[%emt 0:00:24]} g6 {[%emt 0:00:37]} 49. fxg6+ {[%emt 0:00:22]} Kxg6 {[%emt 0:00:03]} 50. Ke2 {[%emt 0:00:21]} Kf5 {[%emt 0:00:33]} 51. Rf3+ {[%emt 0:00:52]} ({White should play} 51. Rh3 $1 $14) 51... Ke5 {[%emt 0:00:25]} 52. Rh3 {[%emt 0:00:36]} Rc2+ {[%emt 0:00:27]} 53. Kf1 $2 {[%emt 0:00:11]} (53. Kd3 $11 Rxg2 54. Rxh6) 53... Rc1+ {[%emt 0:00:40]} (53... Rf2+ $19 54. Kg1 Ra2) 54. Ke2 {[%emt 0:00:12]} Rg1 {[%emt 0:00:42]} 55. g3 $2 {[%emt 0:00:38]} d3+ $11 {[%emt 0:00:34]} (55... Rg2+ $19 56. Kf1 Rf2+ 57. Kg1 d3 58. Rxh6 Rb2 59. Rh5+ Ke6) 56. Ke3 {[%emt 0:00:34]} Rd1 {[%emt 0:00:39]} 57. Rxh6 {[%emt 0:00:23]} d2 {[%emt 0:00:21]} 58. Kd3 {[%emt 0:00:53]} Rg1 {[%emt 0:00:38]} 59. Bxd2 {[%emt 0:00:13]} Rd1 {[%emt 0:00:03]} 60. Rh4 {[%emt 0:00:52]} Rxd2+ {[%emt 0:00:10]} 61. Ke3 {[%emt 0:00:22]} Rd4 {[%emt 0:00:18]} 62. Rh8 {[%emt 0:00:27]} Nd6 {[%emt 0:00:44]} 63. Rd8 {[%emt 0:00:43]} Nc4+ {[%emt 0:00:40]} 0-1

[Event "FRA-ch Youth U20 2018"]
[Site "Agen"]
[Date "2018.04.16"]
[Round "2"]
[White "Guigue, Marie-Celine"]
[Black "Leriche, Ines"]
[Result "0-1"]
[WhiteElo "1288"]
[BlackElo "1913"]
[Annotator "NA RC"]
[PlyCount "60"]
[EventDate "2018.??.??"]
[EventType "swiss"]
[EventCountry "FRA"]
[SourceTitle "playchess.com"]
[Source "ChessBase"]
[SourceQuality "1"]
[TimeControl "5400+30"]

{[%evp 15,60,-17,-14,32767,32767,32767,32767,-31,-22,-82,-77,32767,32767,-115,-100,-127,-124,-126,-127,-137,-141,32767,-141,-143,32767,-155,32767,32767,32767,32767,-287,32767,-479,-604,-609,-606,-650,-612,-612,-637,32767,-700,-704,-730,-396,-537,-633]} 1. e4 {[%emt 0:00:00]} c6 {[%emt 0:00:21]} 2. d4 {[%emt 0:01:06]} d5 {[%emt 0:00:11]} 3. e5 {[%emt 0:00:14]} c5 {[%emt 0:01:10]} 4. Nf3 {[%emt 0:01:33]} Bg4 {[%emt 0:05:50]} 5. Be2 {[%emt 0:02:03]} Nc6 {[%emt 0:02:00]} 6. c3 {[%emt 0:01:44]} e6 {[%emt 0:01:04] B12: Caro-Kann: Advance Variation} 7. Be3 {[%emt 0:07:19]} Nge7 {[%emt 0:11:08]} 8. Nbd2 {[%emt 0:11:30]} Nf5 {[%emt 0:07:48]} 9. h3 {[%emt 0:07:15]} Bxf3 {[%emt 0:02:16]} 10. Nxf3 {[%emt 0:00:25]} cxd4 $146 {[%emt 0:03:18]} ({Predecessor:} 10... Qb6 11. Qd2 cxd4 12. Bxd4 Nfxd4 13. Nxd4 Bc5 14. O-O-O Nxe5 15. Rhe1 O-O 16. f4 Nc6 17. Nxc6 Be3 {0-1 (17) Balducchi,F-Landa,K (2678) Ajaccio 2007}) 11. Bxd4 {[%emt 0:14:29]} Nfxd4 {[%emt 0:05:22]} 12. Nxd4 {[%emt 0:00:32]} Nxe5 {[%emt 0:11:39]} 13. Qa4+ {[%emt 0:02:55]} Nd7 {[%emt 0:01:50]} 14. Nf3 {[%emt 0:10:39]} Bd6 {[%emt 0:04:16]} 15. Bb5 {[%emt 0:02:13]} a6 {[%emt 0:02:05]} 16. Bxd7+ {[%emt 0:00:15]} Qxd7 {[%emt 0:00:10]} 17. Qxd7+ {[%emt 0:04:22]} Kxd7 {[%emt 0:00:03]} 18. Rd1 {[%emt 0:05:32]} Rac8 {[%emt 0:01:26]} 19. O-O {[%emt 0:02:07]} Rc7 {[%emt 0:05:01]} 20. Rd3 {[%emt 0:03:51]} h6 {[%emt 0:02:11]} 21. Rc1 {[%emt 0:04:49]} Rhc8 {[%emt 0:01:02]} 22. b3 {[%emt 0:06:49]} b5 {[%emt 0:01:51]} 23. b4 {[%emt 0:01:54] [#]} Bxb4 $1 {[%emt 0:02:34]} 24. Rd2 {[%emt 0:04:29]} Rxc3 {[%emt 0:01:13]} 25. Rxc3 {[%emt 0:01:28]} Rxc3 {[%emt 0:00:38]} 26. Ne5+ {[%emt 0:00:17]} Ke8 {[%emt 0:00:37]} 27. Re2 {[%emt 0:00:55]} Bd6 {[%emt 0:00:52]} 28. Nf3 {[%emt 0:00:55]} Rc1+ {[%emt 0:00:22]} 29. Re1 {[%emt 0:00:20]} Rxe1+ {[%emt 0:00:14]} 30. Nxe1 {[%emt 0:00:05]} Kd7 $19 {[%emt 0:00:22]} 0-1